000 00358nam a2200133Ia 4500
008 240624s9999 xx 000 0 und d
041 _aeng
082 _a332.10954 DES
100 _aDESAI VASANT
245 _aFUNDAMENTALS OF THE INDIAN FINANCIAL SYS
260 _c2010
_aMumbai
_bHimalaya Books Pvt. Ltd.
300 _a554 : p. : cm. ; 27
365 _cRS
_b25
999 _c14856
_d14856